000 00206 a2200097 4500
001 3890
100 _aWood, D.R.J
245 _aIntroduction to electronics
260 _a
_bJ.M.Dent
_c
090 _c3120
_d3120
942 _aNUST-CAE
_cM
_c23559
999 _c238963
_d238963